Statistics for Most populous islands of France

Click here to take the quiz!

General Stats

  • This quiz has been taken 45 times
  • The average score is 6 of 10

Answer Stats

HintAnswer% Correct
330,445Corsica
93%
852,924Réunion
88%
376,480Martinique
86%
247,600 *New Caledonia (Grande-Terre)
79%
192,760 *Tahiti
76%
224,245Mayotte (Grande-Terre)
71%
197,603Guadeloupe (Grande-Terre)
69%
186,661Guadeloupe (Basse-Terre)
29%
22,324Oléron
21%
29,273Mayotte (Petite-Terre)
7%

Score Distribution

Percentile by Number Answered

Percent of People with Each Score

Your Score History

You have not taken this quiz